00438 a2200109 4500082001000000100002100010245009700031260008100128300002800209500003400237856005700271 aMIT-1 a M. Aamir Bashir aComparative Analysis of Different Failure Recovery Schemes in MPLS NetworkscM. Aamir Bashir aIslamabad,bNUST School of Electrical Engineering & Computer Science,c2005. a71 p. :bill. ;c27 cm. aSupervisor : Dr. S M H Zaidi. uhttp://10.250.8.41:8080/xmlui/handle/123456789/31280